Entry Nombre personal
001 - NÚMERO DE CONTROL
- campo de control: 25767
003 - IDENTIFICADOR DE NÚMERO DE CONTROL
- campo de control: SpMaBN
005 - FECHA Y HORA DE LA ÚLTIMA TRANSACCIÓN
- campo de control: 20231218172849.0
008 - ELEMENTOS DE DATO DE LONGITUD-FIJA
- campo de control de longitud fija: 901120nn aijnnaabn a aaa
016 ## - NÚMERO DE CONTROL DE UNA AGENCIA BIBLIOGRÁFICA NACIONAL
- Número de control del registro: BNE19900030351
024 7# - IDENTIFICADOR DE OTROS ESTÁNDARES
- Número estándar o código: http://viaf.org/viaf/44410763/
- Fuente: viaf
024 7# - IDENTIFICADOR DE OTROS ESTÁNDARES
- Número estándar o código: https://isni.org/isni/0000000117606648
- Fuente: isni
024 7# - IDENTIFICADOR DE OTROS ESTÁNDARES
- Número estándar o código: http://www.wikidata.org/entity/Q449826
- Fuente: wikidata
040 ## - FUENTE DE CATALOGACIÓN
- Centro catalogador/agencia de origen: SpMaBN
- Lengua de catalogación: spa
- Centro/agencia transcriptor: SpMaBN
- Normas de descripción: rdc
- Convención/Normas de encabezamiento de materia/tesauro: embne
046 ## - FECHAS CON CODIFICACIÓN ESPECIAL
- Fecha de nacimiento: 1944
100 1# - ENCABEZAMIENTO-NOMBRE DE PERSONA
- Nombre de persona: Barón, Enrique,
- Fechas asociadas al nombre: 1944-
370 ## - LUGAR ASOCIADO
- Lugar de nacimiento: Madrid
- Número de control del registro de autoridad o número normalizado: XX450543
- Fuente de información: Wikidata
373 ## - GRUPO ASOCIADO
- Grupo asociado: Ateneo de Madrid
- Período de inicio: 2021
- Fuente de información: Censo mensual de socios 2023
374 ## - OCUPACIÓN
- Ocupación: Politicos
- Ocupación: Economistas
- Fuente de información: Wikidata
375 ## - GÉNERO/SEXO
- Género: Masculino
377 ## - IDIOMA ASOCIADO
- Término de lengua/lenguaje: Español
400 1# - TRAZADO DE VÉASE--NOMBRE DE PERSONA
- Nombre de persona: Barón Crespo, E.,
- Fechas asociadas al nombre: 1944-
400 1# - TRAZADO DE VÉASE--NOMBRE DE PERSONA
- Nombre de persona: Barón Crespo, Enrique,
- Fechas asociadas al nombre: 1944-
670 ## - FUENTE DE DATOS ENCONTRADOS
- Cita de la fuente: Europa 92, 1989
- Información encontrada: port. (Enrique Barón)
670 ## - FUENTE DE DATOS ENCONTRADOS
- Cita de la fuente: Europa en el alba del milenio, 1994
- Información encontrada: port. (Enrique Barón) solapa (n. Madrid, 1944; Presidente de la Comisión de Asuntos Exteriores y Seguridad del Parlamento Europeo)
670 ## - FUENTE DE DATOS ENCONTRADOS
- Cita de la fuente: Europa : pasión y razón, 2005
- Información encontrada: port. (Enrique Barón Crespo)
670 ## - FUENTE DE DATOS ENCONTRADOS
- Cita de la fuente: WWW BN España aut., 10/10/2023
- Información encontrada: (Barón, Enrique, 1944-)
678 ## - DATOS BIOGRÁFICOS O HISTÓRICOS
- Datos biográficos o históricos: Socio del Ateneo de Madrid n. 33430; ingresó el 9/3/2021
- Ampliación de la nota: Fuente: Censo mensual de socios 2023
